Loading...

Five modern one-act plays /

Bibliographic Details
Main Author: Shahane, V A
Format: Printed Book
Language:English
Published: Blackie & Son, 1967.
LEADER 00315nam a2200097Ia 4500
008 121027s9999 xx 000 0 eng d
100 |a Shahane, V A 
245 |a Five modern one-act plays / 
260 |b Blackie & Son,  |c 1967. 
999 |c 68505  |d 68505 
952 |0 0  |1 0  |4 0  |7 0  |9 68482  |a UL  |b UL  |c ST1  |d 2012-10-27  |l 0  |p G728  |r 2012-10-27  |w 2012-10-27  |y BK